[Event "NWU-BCBS"]
[Site "?"]
[Date "2011.03.07"]
[Round "?"]
[White "Shekhtman, Louis"]
[Black "Guidry, David"]
[Result "1-0"]
[WhiteElo "1767"]
[BlackElo "1574"]
[PlyCount "141"]

1. e4 e6 2. d4 d5 3. Nc3 Nf6 4. Bg5 Be7 5. e5 Nfd7 6. Bxe7 Qxe7 7. Nf3 a6 8. a3
c5 9. Ne2 cxd4 10. Nexd4 h6 11. Bd3 Qc5 12. c3 b5 13. O-O O-O 14. Rc1 Nb6 15.
Bb1 Qe7 16. Qc2 g6 17. Nd2 Bb7 18. f4 Nc4 19. Nxc4 dxc4 20. Rce1 Nd7 21. Re3
Nc5 22. Qe2 Kg7 23. Rg3 Kh7 24. f5 Nd3 25. f6 Qc7 26. Rh3 Qxe5 27. Bxd3 Qxe2
28. Bxe2 Rfe8 29. Re3 e5 30. Nf3 e4 31. Nd4 Re5 32. Bd1 Rae8 33. Bc2 h5 34.
Rfe1 Bd5 35. Nf3 Rf5 36. Bxe4 Bxe4 37. Rxe4 Rxe4 38. Rxe4 Rxf6 39. Rd4 Kh6 40.
Rd5 Re6 41. Kf2 f6 42. Nd4 Rb6 43. Rd7 a5 44. Re7 b4 45. cxb4 axb4 46. Re6 Rb7
47. Rxf6 c3 48. axb4 Rxb4 49. bxc3 Rc4 50. Ne2 Ra4 51. Rd6 h4 52. Rd4 Kh5 53.
g4+ Kg5 54. Rd1 Kf6 55. Rc1 Ra2 56. c4 Ke6 57. Kf3 Ke5 58. c5 Ra7 59. Rc3 Rf7+
60. Kg2 Kd5 61. c6 Rc7 62. Rc2 Ke4 63. Nc3+ Kd3 64. Nd5 Rc8 65. Rc1 Kd4 66. Nb6
Rc7 67. Na8 Ra7 68. c7 Ra2+ 69. Kg1 Rxa8 70. c8=Q Rxc8 71. Rxc8 1-0

[Event "BCBS-NWU"]
[Site "?"]
[Date "2011.03.07"]
[Round "?"]
[White "Bruno"]
[Black "Kravik, Paul"]
[Result "0-1"]
[WhiteElo "1601"]
[BlackElo "1785"]
[Annotator "Friske,Tom"]
[PlyCount "59"]

1. e4 e5 2. Nf3 Nc6 3. Bc4 Nf6 4. d3 d6 5. c3 Bg4 6. Nbd2 Be7 7. Bb3 O-O 8. h3
Bh5 9. Nf1 d5 10. Qe2 Qd7 11. g4 Bg6 12. Ng3 dxe4 13. dxe4 Rad8 14. Bd2 Qd3 15.
Qxd3 Rxd3 16. Ke2 Rfd8 17. Bd5 Bc5 18. Kxd3 Rxd5+ 19. Ke2 Nxe4 20. Nxe4 Bxe4
21. Rhd1 Bd3+ 22. Ke1 e4 23. Nh4 g5 24. b4 Bb6 25. Nf5 Ne5 26. Rdc1 (26. Ne7+)
26... Nf3+ 27. Kd1 Rd7 28. Ne3 Bb5 29. Kc2 (29. Rc2) 29... Rxd2+ 30. Kb3 0-1

[Event "NWU-BCBS"]
[Site "?"]
[Date "2011.03.07"]
[Round "?"]
[White "Gafni, Paul"]
[Black "Guiu, C."]
[Result "1-0"]
[WhiteElo "1754"]
[BlackElo "1560"]
[PlyCount "81"]

1. e4 e5 2. Nf3 Nc6 3. Bc4 Nf6 4. Ng5 d5 5. exd5 Na5 6. Bb5+ c6 7. dxc6 bxc6 8.
Be2 h6 9. Nf3 e4 10. Ne5 Bd6 11. d4 O-O 12. O-O Qc7 13. Bf4 c5 14. Bg3 Rd8 15.
c3 Be6 16. Nd2 Rab8 17. b3 cxd4 18. cxd4 Qb6 19. Ndc4 Nxc4 20. bxc4 Bxe5 21.
Bxe5 Rb7 22. Qc2 Qb2 23. Rfc1 Nd7 24. Qxe4 Rb4 25. Bd6 Nf6 26. Qe5 Ra4 27. d5
Rxa2 28. Rxa2 Qxc1+ 29. Bf1 Bc8 30. Rxa7 Re8 31. Re7 Rd8 32. Bc7 Rf8 33. Qe1
Qa3 34. Qe3 Qb4 35. Qe1 Qc5 36. Bf4 Ba6 37. Qe3 Qb4 38. Rc7 Qa5 39. Qa7 Qa2 40.
d6 Nh5 41. Be5 1-0

[Event "BCBS-NWU"]
[Site "?"]
[Date "2011.03.07"]
[Round "?"]
[White "Mata, Santiago"]
[Black "Bi, Bryan"]
[Result "1-0"]
[WhiteElo "1415"]
[BlackElo "1078"]
[PlyCount "95"]

1. e4 c5 2. Nf3 Nc6 3. Bb5 e6 4. O-O d6 5. Re1 Bd7 6. c3 Be7 7. d4 cxd4 8. cxd4
Nb4 9. Qa4 Nd3 10. Rd1 Rc8 11. Nc3 Nxc1 12. Raxc1 a6 13. Bxd7+ Qxd7 14. Qb3 Nh6
15. Na4 Rb8 16. Nb6 Qb5 17. Qxb5+ axb5 18. Rc8+ Rxc8 19. Nxc8 Kd7 20. Nxe7 Kxe7
21. Rc1 Kd7 22. h3 f5 23. e5 Nf7 24. Kf1 g5 25. exd6 Kxd6 26. Rc5 g4 27. hxg4
b6 28. Rxb5 Kc6 29. a4 fxg4 30. Ne5+ Nxe5 31. Rxe5 Kd6 32. Rg5 Ra8 33. b3 Rc8
34. Rb5 Kc6 35. Ke2 Rd8 36. Ke3 Rd7 37. Rg5 Rd5 38. Rxd5 Kxd5 39. b4 Kc4 40. a5
bxa5 41. bxa5 Kb5 42. Ke4 Kxa5 43. Ke5 Kb6 44. Kxe6 Kc7 45. d5 Kd8 46. d6 h6
47. d7 h5 48. g3 1-0

[Event "NWU-BCBS"]
[Site "?"]
[Date "2011.03.07"]
[Round "?"]
[White "Weinfeld, Michael"]
[Black "Burgess, Aaron"]
[Result "0-1"]
[WhiteElo "1258"]
[BlackElo "1468"]
[PlyCount "110"]

1. e4 c5 2. Nf3 d6 3. Nc3 e6 4. Bb5+ Bd7 5. d3 h6 6. e5 Bxb5 7. Nxb5 Qa5+ 8.
Nc3 Nc6 9. exd6 Bxd6 10. Bd2 Qb6 11. b3 Nf6 12. O-O O-O 13. Ne4 Nxe4 14. dxe4
Ne5 15. Bc3 Rad8 16. Qe2 Ng6 17. e5 Be7 18. a4 a6 19. Qe1 Qc6 20. Rd1 c4 21.
Ra1 cxb3 22. cxb3 Qd5 23. Qd1 Qe4 24. Qe1 Qf4 25. Qc1 Qxc1 26. Raxc1 Rd5 27.
Rcd1 Rc5 28. Bb4 Rc7 29. Bxe7 Rxe7 30. Rd4 Rc8 31. g3 Rc3 32. Nd2 Nxe5 33. Rd8+
Kh7 34. b4 f5 35. h3 Nc6 36. Rc8 Rd3 37. b5 axb5 38. axb5 Na7 39. Rc2 Nxb5 40.
Nc4 Nd4 41. Rd2 Nf3+ 42. Kg2 Nxd2 43. Rd1 Nxc4 44. Rxd3 Kg6 45. Rd4 b5 46. g4
Rb7 47. f4 Ne3+ 48. Kf3 Nd5 49. h4 b4 50. Rd2 Rc7 51. Ra2 b3 52. Rb2 Rc3+ 53.
Ke2 Rc2+ 54. Rxc2 bxc2 55. Kd2 fxg4 0-1

[Event "Tyros-Rooks"]
[Site "?"]
[Date "2011.03.15"]
[Round "?"]
[White "Allsbrook, Scott"]
[Black "Benedek, Roy"]
[Result "1-0"]
[WhiteElo "2166"]
[BlackElo "2095"]
[PlyCount "61"]

1. g3 c5 2. Bg2 Nc6 3. c4 g6 4. e3 Bg7 5. Ne2 e5 6. Nbc3 Nge7 7. d3 O-O 8. O-O
d6 9. a3 a5 10. Rb1 Be6 11. Nd5 Rb8 12. Nec3 f5 13. f4 Kh8 14. Bd2 Bg8 15. b4
axb4 16. axb4 b6 17. Qa4 Nxd5 18. Nxd5 Ne7 19. Bc3 Nxd5 20. cxd5 Ra8 21. Qb5
Ra3 22. Bb2 Rb3 23. Bxe5 Rxb4 24. Rxb4 cxb4 25. Bxg7+ Kxg7 26. Qxb4 Qf6 27.
Qxb6 Bf7 28. Rc1 Ra8 29. Qb3 Kh6 30. h3 g5 31. Qb4 1-0

[Event "Rooks-Tyros"]
[Site "?"]
[Date "2011.03.15"]
[Round "?"]
[White "Hill, Bob"]
[Black "Diaz, Pablo"]
[Result "0-1"]
[WhiteElo "1922"]
[BlackElo "2006"]
[PlyCount "72"]

1. d4 d5 2. Nf3 c6 3. Bg5 Bf5 4. e3 Nd7 5. Nbd2 Qb6 6. Qc1 f6 7. Bf4 g5 8. Bg3
h5 9. h3 Nh6 10. c4 e6 11. c5 Qa5 12. a3 Bg7 13. Be2 Bg6 14. b4 Qd8 15. Nb3 Nf5
16. Bd3 Kf7 17. Qc2 Nf8 18. Rf1 g4 19. hxg4 hxg4 20. Ng1 Nxg3 21. fxg3 Rh2 22.
Bxg6+ Nxg6 23. Qe2 Qc7 24. Qxg4 Rxg2 25. Ne2 Rh8 26. Ra2 Rhh2 27. Nbc1 Qb8 28.
Rd2 Qh8 29. Rd1 Bh6 30. Kd2 f5 31. Qf3 Qxd4+ 32. Kc2 Qc4+ 33. Kb1 Rxe2 34. Nxe2
Rxe2 35. Qxe2 Qxe2 36. Rh1 Bg7 0-1

[Event "Rooks-Tyros"]
[Site "?"]
[Date "2011.03.15"]
[Round "?"]
[White "Gwekoh, R."]
[Black "Dobrovolny, Chuck"]
[Result "1/2-1/2"]
[WhiteElo "1355"]
[BlackElo "1737"]
[Annotator "Friske,Tom"]
[PlyCount "74"]

1. e4 c5 2. Nf3 d6 3. d4 cxd4 4. Nxd4 Nf6 5. Nc3 a6 6. a4 e6 7. Be3 Qc7 8. h3
b6 9. Bd3 Bb7 10. O-O Nbd7 11. Nde2 Nc5 12. Ng3 d5 13. exd5 Nxd5 14. Nxd5 Bxd5
15. Re1 Qc6 16. Bxc5 Bxc5 17. Ne4 Rd8 18. Qg4 Bd4 19. c3 f5 20. Qh5+ g6 21. Qg5
fxe4 22. Bxa6 Bxf2+ 23. Kxf2 O-O+ 24. Kg1 Rf5 25. Qe3 (25. Qxd8+) 25... Rdf8
26. Bb5 Qc7 27. Rad1 Rf3 28. Qd2 Qg3 29. Re2 e3 30. Qd4 Rf2 31. Qg4 Qxg4 32.
hxg4 Rxe2 33. Bxe2 Rf2 34. Bf3 Bxf3 35. gxf3 Rxb2 36. Re1 e2 37. Kf2 Rc2
1/2-1/2

[Event "Tyros-Rooks"]
[Site "?"]
[Date "2011.03.15"]
[Round "?"]
[White "Guio, Julian"]
[Black "Baurac, Dave"]
[Result "1/2-1/2"]
[WhiteElo "1831"]
[BlackElo "1710"]
[Annotator "Friske,Tom"]
[PlyCount "65"]

1. e4 c6 2. d4 d5 3. Nc3 dxe4 4. Nxe4 Bf5 5. Ng3 Bg6 6. Nf3 e6 7. h4 h6 8. h5
Bh7 9. Bd3 Bxd3 10. Qxd3 Nd7 11. Bd2 Ngf6 12. Bc3 Be7 13. O-O-O Nd5 14. Ne5
Nxc3 15. Qxc3 Nxe5 16. dxe5 Qb6 17. Ne4 Rd8 18. Rxd8+ Qxd8 19. Rd1 Qb8 20. Nd6+
Bxd6 21. Rxd6 O-O 22. Qd2 Qc8 23. f4 Qc7 24. g4 f6 25. b3 fxe5 26. fxe5 Qf7 27.
Qe2 Qf1+ 28. Qxf1 Rxf1+ 29. Kb2 Rg1 30. Rd4 Kf7 (30... Re1 31. Rd8+ Kf7 32.
Rd7+ Kf8 33. Rxb7) 31. a4 (31. Rd7+ Kf8 (31... Ke8 32. Rxg7) 32. Rxb7 Rxg4 33.
Rxa7 Rg5 34. Ra5 Rxh5) 31... Ke7 32. Rf4 a5 33. c3 1/2-1/2

[Event "USAT North"]
[Site "?"]
[Date "2011.02.20"]
[Round "?"]
[White "Hollinberger, Drew"]
[Black "Morris, Robert"]
[Result "1-0"]
[WhiteElo "2087"]
[BlackElo "2027"]
[Annotator "Friske,Tom"]
[PlyCount "93"]

{This game was played in round 4 and, despite a very rocky start to the
tournament, (including a near loss(!) to our CICL North division brethren) we
found ourselves as one of only 2 teams with a perfect 3-0-0 score.  Across
from the table was a now very familiar crew of NM Jim Dean, NM  John Lagreck ,
Daniel Gater (I don/^t recall him on this team before), and Drew Hollingberger.
This is my third outing as part of a CICL team and it seems that it just
wouldn/^t be a USAT north tournament without being paired against this team
sometime during the weekend.  Since we came into this match with 3 people in
contention for board prizes (Mathias, Steve, and I were all at 3-0-0 for the
matches) it was obvious that all 3 of us were playing round 4.  If this
tournament was a journey then this is how that voyage effectively ended.} 1. e4
Nc6 2. Nf3 {Diagram # Drew and I have played in the USAT with these same
colors.  That game was annotated in the July 2007 issue of The Chicago
Chessplayer.  I came into this tournament intending to answer e4 with e5
however, I was curious as to what Drew had prepared for me.  That said, since
most of my pretournament preparation focused on 1) /\ e5 so I decided to
accept his invitation to a transposition.} e5 3. d4 exd4 4. Bc4 Bb4+ 5. c3 dxc3
6. bxc3 {Diagram #} Ba5 7. Ng5 Nh6 8. Qh5 {Diagram #  Drew has played this
opening very slowly.  Time controls for this tournament were different than I/
^ve previously dealt with.  Game 90 with a 30 sec increment and a mandate to
keep notation for the entire game is a FIDE standard and that was in force for
this tournament.    In any case he has 60 min left at this point.  (I have 83.)
Drew/^s slow play clearly stemmed from a surprising lack of familiarity with
the opening since, as any regular aficionado will tell you, this is not the
way to try blowing black off the board.  It simply won/^t work.} Qf6 9. O-O Qg6
10. Qe2 d6 11. Bd5 {Diagram #  Drew is now down to 27 min. (I still have 60
min)  I had never seen this position before and I recall thinking that  A)
Black/^s fine.  White clearly has insufficient compensation for his pawn  B)
What on earth is he doing?  No attempt to play f4?  Positively shocking!} Bb6
12. Kh1 Be6 {Diagram #  This was my longest think (22 min) of the game. 
Having decided that the only bad thing about Black/^s position was the
unenviable Nh6 I concocted this scheme to find it a better square.  The idea
was simple.} 13. Qb5 $6 {Given Black/^s advantage in development and extra
pawn white is probably lost.   White was having none of that and answered
surprisingly quickly with a 3rd choice that I hadn/^t considered.} ({If he
captures,} 13. Nxe6 fxe6 {my Knight can retreat to f7.}) ({If, however, white
plays the (+)obvious[+]} 13. f4 {then I planned the possible sequence} Bxd5 14.
exd5+ Ne7 {Diagram #} 15. Re1 {(I felt it was screaming to be played} O-O-O $1
16. Qxe7 f6 {Diagram #  with the dual threats fxg (winning back the piece) and
Rhe8 (trapping the Queen and/or skewering the hanging Rook at e1).}) 13... Ng4
$2 (13... O-O {would have left black a clear pawn to the good since} 14. Bxc6
bxc6 15. Qxc6 $2 {Diagram #} Ng4 16. Nh3 Ne5 17. Qa4 Bxh3 {Diagram #  must be
winning for Black}) 14. Nh3 $2 {Drew used most of the rest of his time on this
lemon.} ({During the game I thought} 14. f3 Nf2+ 15. Rxf2 Bxf2 {Diagram #} 16.
Bxc6+ ({Unfortunately,} 16. Qxb7 {leaves white with a clear advantage.}) 16...
bxc6 17. Qxc6+ Ke7 {Diagram #  Black is fine}) 14... O-O {Diagram # Drew has 8
min left I have 31} 15. Nf4 Qh6 16. Nh3 Qg6 17. Nf4 Qf6 18. Nh3 {Diagram #  By
this point Drew is (+)living on the increment[+].  From now until the end of
the game he drops to 2 or 3 seconds multiple times.} h6 $6 {Still, Black/^s a
full pawn to the good and very optimistic about his chances.  The next dozen
or so moves only tend to increase expectations.} ({Missing the very pretty idea
} 18... Nd4 19. cxd4 c6 $1 20. Qb3 cxd5 21. exd5 {Diagram #} Bxd4 22. Bg5 Qe5
23. Bf4 Qxd5 {It/^s too bad since I saw the Nd4 idea several moves ago but it
wasn/^t ready then.  I didn/^t think it worked now only because I missed the
c6 intermezzo idea.}) 19. Bf4 $2 Nxf2+ 20. Nxf2 Qxf4 {Diagram #} 21. Nh3 Qe3
22. Rf3 Qc5 23. Qxc5 Bxc5 {Diagram #  So we move into a late queenless
middlgame where black has 2 extra pawns and white has a bad pawn structure but
a slightly more active position.  Black/^s pace of play picks up slightly as
he works on unraveling his rooks and tries to budget his time.} 24. Nf4 Bxd5
25. Nxd5 Bb6 26. Nd2 Rae8 {Diagram #} 27. Rg3 Kh7 28. Rf1 Ne7 29. Nf4 {Diagram
#} Ng6 30. Nd3 Ba5 31. Nf2 {Diagram #} f5 32. Kg1 Bb6 33. exf5 Rxf5 34. Nf3 {
Diagram #} Re2 ({Missing the opportunity to play} 34... Nf4 {but since Black
will soon be 3 pawns up things are clearly still well in hand.}) 35. Nd4 Bxd4
36. cxd4 Rxa2 37. Re3 {Diagram #} c5 (37... b5 {is better.  Black/^s path to a
win is clear.  Push the extra pawns and this is the slow way to do it.}) 38. g4
Rf7 39. dxc5 dxc5 40. Ne4 {Diagram #} Rxf1+ 41. Kxf1 b6 42. h3 Nf4 43. h4 {
Diagram #} a6 (43... b5 44. Nd6 Nd5 {is great for Black}) 44. h5 c4 45. Rf3 Nd3
46. Rf7 {Diagram #  So at last we get to it.  Black still had a few minutes
but the time pressure of the last 20 moves felt foreign.  Not time pressure 
(had to take notation) though that seemed to be coming and not quite slow play
(I/^d never seen someone go down to 1 second so many times) and there was no
relief in sight except to queen one of the pawns.  Intuitively I knew I/^d
been overly cautious pushing the queenside so I paused to construct a plan and
decided no more slow play.  Unfortunately I mysteriously forgot to do what I
always tell my elementary kids to do.  Check to see if your opponent/^s last
move threatens something.} b5 $4 47. Nf6+ {Mate threatens, so...  Black
Resigned} 1-0

[Event "Excaliburs-Forks"]
[Site "?"]
[Date "2011.03.29"]
[Round "?"]
[White "Hart, Vince"]
[Black "Friske, Tom"]
[Result "0-1"]
[WhiteElo "2131"]
[BlackElo "2015"]
[Annotator "Friske,Tom"]
[PlyCount "164"]

1. e4 {A surprise from the start.  Vince normally plays 1 c4.} e6 2. d4 d5 3.
Nd2 {Right into what I've playing and studying all season.} Nf6 4. e5 Nfd7 5.
Bd3 c5 6. c3 Nc6 7. Ngf3 {Diagram #} g6 {This seemed to be new to him-- was to
me !  It's fun to put the Bishop on a blocked diagonal... but a deeper
understanding shows the French counterattacks the dark squares; the Bishop
adds to the pressure.  We got the idea from GM Moskalenko's book "The Flexible
French".} 8. O-O Bg7 9. Re1 O-O {Diagram #} 10. b3 {is idea Bb2 or Ba3  ?} Qa5
{Didn't like Ba3, so tried to stop it.  But also frees the d7-Knight from c5
duties.} 11. Bb2 {This Bishop is normally placed on the Kingside, defending e5,
f2, and h2.} f6 {Diagram #   Standard French play-- trading away the blockade
and eventually freeing the Queenside pieces.} 12. exf6 Nxf6 {Diagram #} 13.
dxc5 {Seemed to help Black open lines.} Qxc5 {weakness f2 !} 14. a3 $2 Ng4 {
Diagram #  with e5 under control, Black's center rolls.  White must do
something about f2.} 15. Re2 e5 {idea e5-e4 forks} 16. Bb1 e4 17. b4 Qb6 {
Diagram #  Black has won f2.} 18. Nd4 Nxd4 19. cxd4 Bxd4 20. Bxd4 Qxd4 {
Diagram # weakness Ra1 and Pf2 plus Queen hangs so Nd2 is pinned, and picked
up a (center) Pawn in the process.} 21. Ba2 {solves everything except f2... so}
Nxf2 {Diagram # killer discovery threat} 22. Rxf2 Qxf2+ 23. Kh1 Qd4 {Diagram #
now just want to get Queens off, plus his Queen needs to protect Ra1 and I'm
holding d5 (probably only temporarily)} 24. Nxe4 Qxd1+ 25. Rxd1 Be6 $1 {
Diagram # glad to find this a couple moves ago !} 26. Ng5 (26. Bxd5 $2 Bxd5 27.
Rxd5 $4 Rf1#) 26... Rf2 $1 {another zwischenzug found at move 23} 27. Ra1 ({I
was agreeable to the ending after} 27. Nxe6 Rxa2 {Diagram #} 28. h3 (28. Rxd5
$4 Ra1+) 28... Re8 29. Nf4 (29. Nc5 b6) 29... Re4 30. Nxd5 Ree2 {Diagram #} 31.
Nc3 Red2) 27... Raf8 $2 {Diagram # arrggg saw reply right after I let hand off
piece (hoped he didn't notice my reaction!).  Mate threat was supposed to
force Rf1+ and a Rook trade (with check, giving time to chase Ba2 off d5 and
saving d-Pawn !!} 28. Kg1 {now Nxe6 allows Bxd5 with checks, so...} ({My wish
was} 28. h3 $2 Rf1+ 29. Rxf1 Rxf1+ 30. Kh2 Ra1 {Diagram #} 31. Bb3 (31. Nxe6
Rxa2 {is where the other line ends as well}) 31... Rb1 32. Ba2 (32. Bc2 Rb2 33.
Bd3 Bd7) 32... Rb2 {Diagram #  trapping the Bishop} 33. Nxe6 Rxa2 {is the idea}
) 28... Rxa2 {had to be satisfied with the +Pawn ending} 29. Rxa2 Bf5 {Diagram
#} 30. Rd2 Rd8 31. Kf2 Kg7 {so I can cover e5 with King} 32. h3 h6 33. Nf3 Kf6
{Diagram #} 34. Ke3 Be4 35. Rf2 Rc8 $5 {Diagram # enjoyed allowing his
meaningless discovery, but had to put faith in the +Pawn Rook ending} (35...
Bf5 36. g4 {He still gets a discovery and my Bishop doesn't have much future.})
36. Nd2+ Ke5 37. Nxe4 dxe4 {Diagram #  I've played such ending hundreds of
times on the 'net..  Key is to keep Rook active, push the King into a mating
position.} 38. Rf7 Rc3+ 39. Ke2 Rxa3 40. Rxb7 {Diagram #  At some time, I sac
a Pawn if I can advance my King down his throat.} Kf4 41. Rf7+ Ke5 ({I was
planning} 41... Kg3 42. Re7 e3 43. Re6 {Diagram # but I'm not sure what I
thought was good about} Kxg2 44. Rxg6+ Kxh3 45. Rxh6+) 42. Re7+ Kd5 43. Rd7+
Ke6 44. Rb7 h5 {Diagram # OK, finally found the theme-- advance the Pawns so
that the advanced King can protect them} 45. b5 Kf5 46. b6 axb6 47. Rxb6 {
Diagram # thanks for getting rid of my weakness-- now my Rook can roam} h4 48.
Rb8 Ra2+ 49. Kf1 {Diagram # This might be a turning point.} (49. Ke3 {Diagram #
} Ra3+ (49... Rxg2 50. Rf8+ Kg5 51. Kxe4 {Diagram #} Rg3 {Diagram # supposed
to win Ph3} (51... Rg1 52. Rf3 (52. Ra8 $4 Rg3) (52. Kf3 $4 Rf1+ 53. Kg2 Rxf8)
52... Re1+ 53. Re3) {oops, missed} 52. Rf3 Kh5 53. Ke3 (53. Rxg3 hxg3 54. Kf3
Kh4 55. Kg2 g5 $19) (53. Kf4 g5+ 54. Ke3 g4 55. hxg4+ Kxg4 56. Rxg3+ Kxg3 $19)
53... g5 54. Kf2 Rxf3+ (54... g4 55. Rxg3 hxg3+ 56. Kxg3 $11) 55. Kxf3 g4+ 56.
hxg4+ Kg5 57. Kg2 $11) 50. Kf2) 49... Kf4 50. Rb3 Rd2 51. Ra3 e3 $2 {Diagram #}
(51... g5 {prepares e4-e3}) 52. Ra4+ Ke5 (52... Kf5 53. Rg4 (53. Rxh4 Rf2+)
53... g5) 53. Rg4 Rf2+ 54. Ke1 Kf5 55. Rxh4 Rxg2 {Diagram #  Heading for the
game's ending-- the e-passer will be given to get the h-Pawn.  The trick is to
do it at a time the White King can be cut-off from the action !} 56. Rh8 Kf4
57. Rf8+ Kg3 58. Re8 e2 {Diagram #  The Pawn ending (with only a g-passer) is
a basic win.} 59. Re3+ Kh4 60. Ra3 Rg3 61. Ra4+ Kxh3 62. Kxe2 Kg2 $3 {Diagram
# Keeping the opposing King away from the queening square, his own King is in
the way for Ra2+} 63. Rh4 (63. Ke1 {idea Ra2+, Kf1} Re3+ {and the King is cut
off, Black can play Re6 to hold the passer, and then bring his King back to
help.}) 63... g5 64. Rh8 ({I wasn't sure how Black advances his Pawn after} 64.
Rh5 Rg4 65. Ke3 Kg3 {Diagram #  but I guess White must give way first !} 66.
Ke2 Re4+ 67. Kf1 g4 {Diagram #  idea is to check on backrank and join the
actual game's finish} 68. Ra5 Rb4 69. Ra1 Kh2 70. Ra2+ Kh3 (70... Kh1 71. Ra3 {
draws}) 71. Ra1 g3 72. Rd1) 64... Rg4 65. Ke3 {Diagram #} Ra4 {clearing the
Pawn's path, swinging around for checks. Black is busted !!} 66. Rg8 g4 67. Rg7
g3 68. Rg8 Ra3+ 69. Ke2 Ra5 {Diagram #  Building the bridge (see end of game)
and threatening to cut-off King.} 70. Ke3 Rf5 71. Rg7 Rf3+ 72. Ke2 Rf2+ {
Diagram #  Somewhere around here, the Forks had won the match so a draw was
acceptable.  But when you have a probable win against a strong player, I say
go for the full point !!} 73. Ke1 ({He could keep me off the key ranks with} 
73. Ke3 Ra2 74. Kf4 Ra4+ 75. Ke3 Ra8 76. Kf4 (76. Rg6 Re8+ 77. Kf4 Rf8+ 78. Ke3
Rf3+ 79. Ke2 Ra3 80. Rg8 Kg1 81. Rg7 g2 82. Rg8 Ra5 83. Kf3 Rf5+ 84. Ke2 (84.
Ke4 Rf7 85. Ke3 Kf1 $19) 84... Re5+ 85. Kf3 Kf1 86. Rxg2 Rf5+ 87. Kg3 Rg5+ $19)
76... Rf8+ 77. Kg4 Kf2 78. Ra7 Rg8+ 79. Kh3 Rh8+ (79... g2 80. Ra2+ $11) 80.
Kg4 g2 81. Ra2+ Kg1 82. Kg3 Rg8+ 83. Kh3 (83. Kf3 Kh1) 83... Kh1 $19) 73... Rf5
74. Ke2 Re5+ {Diagram # Once the King is cutoff by 2 files, the rest is easy !}
75. Kd2 (75. Kd3 Kf2 76. Kd4 Rh5 (76... Re1 77. Rf7+ Kg1 78. Rg7 g2 79. Kd5 Re3
80. Kd4 Rh3 81. Ke4 Kh1 $19) 77. Rg8 g2 78. Rf8+ Kg1 79. Ke3 Kh1 $19) 75... Kh2
76. Rh7+ Kg1 {Diagram # WHITE RESIGNED...  Black has built the standard +Pawn
Rook ending} 77. Rg7 g2 78. Rg8 Kf2 79. Rf8+ Kg3 80. Rg8+ {Diagram #} Kf3 81.
Rf8+ Kg4 82. Rg8+ Rg5 {Diagram # note if the White King was one file closer,
he'd have Rxg5+,Kf2 here and draw.   This is the key position to win-- with
Rook on 5th or 4th rank.} 0-1